| 000 | 00845nam a2200277 i 4500 | ||
|---|---|---|---|
| 001 | 8516 | ||
| 003 | ES-MaACL | ||
| 005 | 20230906145454.0 | ||
| 008 | 920710s1990 sp ||||1| spa d | ||
| 020 | _a84-376-0112-6 | ||
| 080 | _a72(46)"11/12" | ||
| 080 | _a7.033.5(46) | ||
| 100 | 1 |
_aLambert, Elie. _969809 |
|
| 245 | 1 | 3 |
_aEl arte gótico en España en los siglos XII y XIII / _cElie Lambert ; [traducción de Cristina Rodríguez Salmones]. |
| 250 | _a4ª ed. | ||
| 260 |
_aMadrid : _bCátedra, _c1990. |
||
| 300 |
_a300 p. : _bil. ; _c24 cm. |
||
| 490 | 1 | _aArte. Grandes temas | |
| 500 | _aBibliografía. | ||
| 500 | _aÍndices. | ||
| 650 | 4 |
_aArte gótico- _zEspaña. _910216 |
|
| 700 | 1 |
_aRodríguez Salmones, Cristina. _998793 |
|
| 830 | 1 |
_aArte. Grandes temas _9179203 |
|
| 852 |
_aES-MaACL _jL-15867 |
||
| 999 |
_c8516 _d8516 |
||